Statistiken für Städte mit K nach Bildern

Klicken Sie hier um das Quiz zu spielen!

Allgemein

  • Dieses Quiz wurde 190 mal gespielt
  • Das Durchschnittsergebnis liegt bei 9 aus 16

Antwortstatistiken

Antwort% Korrekt
K{öln}
99%
K{uala} {Lumpur}
85%
K{apstadt}
84%
K{openhagen}
77%
K{yiv}
77%
K{airo}
73%
K{ansas} City
73%
K{oblenz}
52%
K{yoto}
48%
Ka{thmandu}
45%
Ku{fstein}
45%
Ka{rlsruhe}
41%
K{rakau}
40%
K{ingston}
38%
Kn{oxville}
30%
K{abul}
21%

Verteilung der Resultate

Perzentil nach korrekt beantworteten Fragen

Anzahl Personen mit jedem Resultat

Ihre Resultats-Entwicklung

Sie haben dieses Quiz noch nicht gespielt